Ejercicios de aritmética 1

Sábháilte in:
Sonraí bibleagrafaíochta
Príomhchruthaitheoirí: Maydell, Irmgard von (autor), Vogel, Heinz (Údar)
Formáid: LEABHAR
Teanga:Spáinnis
Foilsithe / Cruthaithe: Barcelona J. Domingo Ferrer S.A 1975
Eagrán:2a. ed
Ábhair:
Clibeanna: Cuir clib leis
Níl clibeanna ann, Bí ar an gcéad duine le clib a chur leis an taifead seo!

MARC

LEADER 00000nam a2200000 a 4500
001 UCI3676
003 CL-VaPUC
008 071123e19750000SP |||||||||||||||||spa|d
082 0 4 |a 372.7  |b MAY  |2 21 
100 |a Maydell, Irmgard von  |e autor  |9 525204 
700 0 |a Vogel, Heinz  |e author  |9 525153 
245 1 0 |a Ejercicios de aritmética 1 
250 |a 2a. ed 
300 |a 32 p 
942 |c BK 
945 |d 20071123 00:00:00  |a rbrito 
260 |a Barcelona  |b J. Domingo Ferrer S.A  |c 1975 
650 0 |a Matemáticas  |x Enseñanza  |9 875527 
650 0 |a Educación básica   |9 224933 
650 0 |a Matemática  |9 260235 
583 |a last modification  |c 20071123 00:00:00  |k Rodrigo Vera 
999 |c 327807  |d 327805 
952 |0 0  |1 0  |2 ddc  |4 0  |6 372_700000000000000_MAY_1975  |7 0  |8 A  |9 411276  |a BIBEDU  |b BIBEDU  |c GEN  |d 2019-11-22  |i 4392132  |o 372.7 MAY 1975  |p 4392132  |r 2019-11-22  |w 2019-11-22  |y BK  |k EPE